00246nam a2200085Ia 4500008004100000100002100041245005000062260004000112300000800152201217s9999 xx 000 0 und d aCheng, Philip C. 0aFinancial Management in the Shipping Industry aCentrevillebCornell Maritime Press a360